Name the Animal - Statistics

General Stats
  • This quiz has been taken 55 times
  • The average score is 6 of 15
Answer Stats
Picture Answer % Correct
Okapi
88%
Tokay Gecko
79%
Shoebill
70%
Gharial
60%
Box Jellyfish
56%
Giant Salamander
49%
Southern Right Whale
37%
Aardwolf
35%
Wolf Eel
35%
Resplendent Quetzal
33%
Arapaima
26%
Marbled Lungfish
23%
European Hare
21%
Wels Catfish
21%
Water Rail
9%
No matching quizzes found
Score Distribution
Percent of People with Each Score
Percentile by Number Answered
Your Score History
You have not taken this quiz